Statistics for September Birthdays: Picture Edition

Click here to take the quiz!

General Stats

  • This quiz has been taken 86 times
    (50 since last reset)
  • The average score is 17 of 30

Answer Stats

Answer% Correct
Freddie Mercury
85%
Keanu Reeves
85%
Queen Elizabeth I
85%
Serena Williams
85%
Will Smith
82%
Amy Winehouse
76%
Hank Williams
71%
Bernie Sanders
68%
Beyoncé Knowles
68%
Dr. Phil
68%
Idris Elba
68%
Jimmy Fallon
68%
Adam Sandler
65%
Charlie Sheen
62%
Lance Armstrong
59%
Roald Dahl
56%
Stephen King
53%
Confucius
50%
Jesse Owens
50%
B.B. King
47%
Ludacris
47%
Marco Polo
47%
George R. R. Martin
44%
Lil Wayne
44%
Arnold Palmer
38%
Jim Henson
38%
Bruce Springsteen
35%
Jerry Lee Lewis
32%
Joan Jett
21%
Truman Capote
15%

Score Distribution

Percentile by Number Answered

Percent of People with Each Score

Your Score History

You have not taken this quiz since the last reset